Traducción del Nuevo Mundo de las Escrituras Griegas Cristianas

Uloženo v:
Podrobná bibliografie
Médium: Kniha
Jazyk:Undetermined
Vydáno: New York, Estados Unidos Watchtower bible and tract society 1963
Témata:
Tagy: Přidat tag
Žádné tagy, Buďte první, kdo vytvoří štítek k tomuto záznamu!

MARC

LEADER 00000nam a2200000Ia 4500
008 170316s9999 xx 000 0 und d
090 |a 230 T-5t 
245 |a Traducción del Nuevo Mundo de las Escrituras Griegas Cristianas 
260 |a New York, Estados Unidos 
260 |b Watchtower bible and tract society 
260 |c 1963 
300 |a 320 páginas 
650 |a TEOLOGÍA 
999 |c 18098  |d 18098 
040 |a cru BVZT 
942 |c 15 D  |h 230 T-5t  |2 z